000
00291nam a22000977a 4500
999
_c
529363
_d
529363
082
_a
T16x54 In2
245
_a
Resurgent and Vibrant India @75, Re-energizing Cooperative Governance
_c
by IIPA
260
_a
New Delhi
_b
IIPA
_c
2022
300
_a
66p.
650
_a
Cooperative societies - India
_9
51637